[Event "UZB-ch Women 2019"]
[Site "Tashkent"]
[Date "2019.05.10"]
[Round "7.3"]
[White "Abdukarimova, Hilola"]
[Black "Abdusattorova, Bakhora"]
[Result "0-1"]
[WhiteElo "1910"]
[BlackElo "2094"]
[Annotator "NA"]
[PlyCount "196"]
[EventDate "2019.05.04"]
[EventType "tourn"]
[EventCountry "UZB"]
[SourceTitle "playchess.com"]
[Source "ChessBase"]
[SourceQuality "1"]
[TimeControl "5400+30"]

1. d4 {[%emt 0:00:00]} Nf6 {[%emt 0:00:00]} 2. c4 {[%emt 0:00:00]} e6 {[%emt 0:00:01]} 3. g3 {[%emt 0:00:25]} d5 {[%emt 0:00:36]} 4. Nf3 {[%emt 0:00:26]} dxc4 {[%emt 0:03:57]} 5. Bg2 {[%emt 0:02:02]} a6 {[%emt 0:01:02]} 6. O-O {[%emt 0:01:04]} Nc6 {[%emt 0:00:26]} 7. e3 {[%emt 0:03:50]} Rb8 {[%emt 0:00:34]} 8. Nfd2 {[%emt 0:01:00]} Be7 {[%emt 0:06:26]} 9. Nxc4 {[%emt 0:01:03]} O-O {[%emt 0:00:16]} 10. Nc3 {[%emt 0:01:12] E04: Open Catalan: 5 Nf3} Bd7 {[%emt 0:04:43]} (10... Qd7 11. b3 Rd8 12. Bb2 b5 13. Ne5 Nxe5 14. dxe5 Qxd1 15. Rfxd1 Nd7 {½-½ (110) Dobrov,V (2496)-Vazquez Igarza,R (2573) Benasque 2017}) 11. Qe2 {[%emt 0:09:24]} b5 {[%emt 0:14:05]} 12. Ne5 {[%emt 0:02:16]} Na5 {[%emt 0:08:14]} 13. Rd1 {[%emt 0:06:34]} Be8 $146 {[%emt 0:03:03]} ({Predecessor:} 13... Qc8 14. Bd2 {1-0 (51) Ghosh,D (2417)-Ashiku,F (2152) Athens 2012}) 14. b3 {[%emt 0:15:22]} b4 {[%emt 0:14:05]} 15. Ne4 {[%emt 0:05:25]} Bb5 {[%emt 0:01:18]} 16. Qc2 {[%emt 0:02:55]} Nd5 {[%emt 0:02:17]} 17. Bb2 {[%emt 0:01:20]} f6 {[%emt 0:08:12]} 18. Nd3 {[%emt 0:01:40]} Nb7 {[%emt 0:04:41]} 19. Rac1 {[%emt 0:05:13]} Qe8 {[%emt 0:09:15]} 20. Nec5 {[%emt 0:06:23]} Nxc5 {[%emt 0:03:44]} 21. Nxc5 {[%emt 0:00:10]} Qf7 {[%emt 0:00:37]} 22. Qe4 {[%emt 0:10:47]} Rb6 {[%emt 0:01:25]} 23. Qf3 {[%emt 0:08:11]} Rd6 {[%emt 0:06:24]} 24. e4 {[%emt 0:06:39]} Nb6 {[%emt 0:00:05]} 25. Qe3 {[%emt 0:01:09]} Re8 {[%emt 0:02:29]} 26. e5 {[%emt 0:05:32]} fxe5 {[%emt 0:01:08]} 27. dxe5 {[%emt 0:00:20]} Rxd1+ {[%emt 0:00:49]} 28. Rxd1 {[%emt 0:00:06]} Rf8 {[%emt 0:00:47]} 29. Bh3 {[%emt 0:01:50]} Qh5 {[%emt 0:02:23]} 30. Bxe6+ {[%emt 0:00:23]} Kh8 {[%emt 0:00:02]} 31. Re1 {[%emt 0:01:42]} Rd8 {[%emt 0:01:12]} 32. Bd4 {[%emt 0:00:32]} Qg6 {[%emt 0:00:41]} 33. Bh3 {[%emt 0:00:36]} Nd5 {[%emt 0:00:32]} 34. Qe4 {[%emt 0:00:22]} Qh6 {[%emt 0:00:46]} 35. Bg2 {[%emt 0:00:25]} Qd2 {[%emt 0:00:34]} 36. Ne6 {[%emt 0:00:28]} Rd7 $4 {[%emt 0:00:11]} (36... Bd3 $19 {avoids the disaster.} 37. Qxd3 Qxd3) 37. Bc5 $4 {[%emt 0:00:25]} (37. Bf1 $18 {avoids the disaster.}) 37... Bc6 $4 {[%emt 0:00:47]} (37... Bd3 $19 38. Re2 Bxe2) 38. Qe2 {[%emt 0:00:55]} Qxe2 {[%emt 0:00:29]} 39. Rxe2 {[%emt 0:00:04]} Nc3 $2 {[%emt 0:00:04]} (39... Bb5) 40. Re1 {[%emt 0:00:21]} (40. Bxc6 $142 Nxe2+ 41. Kf1 Nxg3+ 42. hxg3 Rd1+ 43. Ke2 Bxc5 44. Kxd1 Bxf2 45. Nxc7) 40... Bb5 {[%emt 0:00:30]} 41. Bxe7 {[%emt 0:00:12]} Rxe7 {[%emt 0:00:01]} 42. Nd4 {[%emt 0:00:10]} Be8 {[%emt 0:00:26]} 43. e6 {[%emt 0:00:17]} g6 {[%emt 0:00:15]} 44. f4 {[%emt 0:00:17]} Kg7 {[%emt 0:00:22]} (44... c5 $16 45. Nc6 Bxc6 46. Bxc6 Nxa2) 45. f5 {[%emt 0:00:30]} c5 {[%emt 0:00:09]} 46. Rf1 {[%emt 0:02:07]} Kf6 {[%emt 0:00:40]} 47. fxg6+ {[%emt 0:00:20]} Kxg6 {[%emt 0:00:01]} 48. Nf5 $15 {[%emt 0:00:27]} Rxe6 {[%emt 0:00:23]} 49. Nh4+ {[%emt 0:00:11]} Kg7 {[%emt 0:00:47]} 50. Nf5+ {[%emt 0:00:35]} Kg8 {[%emt 0:00:25]} 51. Bh3 {[%emt 0:00:54]} Bb5 {[%emt 0:00:56]} 52. Nd4 {[%emt 0:00:50]} Bxf1 {[%emt 0:00:28]} 53. Bxe6+ {[%emt 0:00:05]} Kf8 {[%emt 0:00:06]} 54. Nc6 {[%emt 0:00:39]} Bb5 {[%emt 0:00:28]} 55. Ne5 {[%emt 0:00:05]} Nxa2 {[%emt 0:00:12]} 56. Kf2 {[%emt 0:00:18]} Kg7 {[%emt 0:00:26]} 57. Nf3 {[%emt 0:00:17]} a5 {[%emt 0:00:13]} 58. Ke3 {[%emt 0:00:15]} Nc3 {[%emt 0:00:25]} 59. Nd2 {[%emt 0:00:14]} a4 {[%emt 0:00:27]} 60. bxa4 {[%emt 0:00:13]} Nxa4 {[%emt 0:00:16]} 61. g4 {[%emt 0:00:40]} Kf6 {[%emt 0:01:41]} 62. Bg8 {[%emt 0:00:06]} h6 {[%emt 0:00:05]} 63. h4 {[%emt 0:00:08]} Bd7 {[%emt 0:02:23]} 64. Bb3 {[%emt 0:00:25]} Ke5 {[%emt 0:00:27]} 65. g5 {[%emt 0:00:14]} hxg5 {[%emt 0:00:15]} 66. hxg5 {[%emt 0:00:04]} Nb6 {[%emt 0:00:24]} 67. g6 {[%emt 0:03:01]} Nd5+ {[%emt 0:00:41]} 68. Kd3 {[%emt 0:00:09]} Bb5+ {[%emt 0:00:53]} 69. Nc4+ {[%emt 0:00:08]} Kf6 {[%emt 0:00:09]} 70. Ke4 {[%emt 0:00:28]} Nc3+ {[%emt 0:00:35]} 71. Kf4 {[%emt 0:00:15]} Ne2+ {[%emt 0:00:10]} 72. Ke4 {[%emt 0:02:11]} Bc6+ {[%emt 0:00:50]} 73. Ke3 {[%emt 0:00:16]} Nd4 {[%emt 0:00:13]} 74. Bd1 {[%emt 0:00:54]} Bd5 {[%emt 0:01:15]} 75. Nb6 {[%emt 0:00:19]} Be6 {[%emt 0:00:15]} 76. Na4 {[%emt 0:00:12]} Nf5+ {[%emt 0:00:29]} 77. Kd2 {[%emt 0:00:49]} c4 {[%emt 0:00:14]} 78. Nc5 {[%emt 0:00:27]} Bg8 {[%emt 0:00:35]} 79. Bc2 {[%emt 0:00:37]} Nd4 {[%emt 0:00:56]} 80. Bb1 {[%emt 0:00:29]} Nf3+ {[%emt 0:00:30]} 81. Ke3 {[%emt 0:00:21]} Ne5 {[%emt 0:00:15]} 82. Kd4 {[%emt 0:00:19]} Nc6+ {[%emt 0:00:36]} 83. Ke3 {[%emt 0:00:09]} Ne7 {[%emt 0:00:30]} 84. Na6 {[%emt 0:00:59]} b3 {[%emt 0:00:37]} 85. Nc5 {[%emt 0:00:33]} Nxg6 {[%emt 0:00:31]} 86. Bxg6 {[%emt 0:00:35]} Kxg6 {[%emt 0:00:02]} 87. Na4 {[%emt 0:00:07]} Kf5 {[%emt 0:00:41]} 88. Kd4 {[%emt 0:00:09]} Kf4 {[%emt 0:00:25]} 89. Nb2 {[%emt 0:00:09]} Kf3 {[%emt 0:00:14]} 90. Na4 {[%emt 0:00:14]} Ke2 {[%emt 0:00:14]} 91. Kc3 {[%emt 0:00:07]} Kd1 {[%emt 0:00:27]} 92. Nb2+ {[%emt 0:00:10]} Kc1 {[%emt 0:00:06]} 93. Na4 {[%emt 0:00:12]} Kb1 {[%emt 0:00:33]} 94. Nb2 {[%emt 0:00:06]} Ka2 {[%emt 0:00:11]} 95. Na4 {[%emt 0:00:34]} Ka3 {[%emt 0:00:06]} 96. Nb2 {[%emt 0:00:10]} Bf7 {[%emt 0:00:09]} 97. Nd1 {[%emt 0:01:36]} Bh5 {[%emt 0:00:11]} 98. Ne3 {[%emt 0:00:29]} Be2 {[%emt 0:00:20] Kb2+} 0-1

[Event "UZB-ch Women 2019"]
[Site "Tashkent"]
[Date "2019.05.10"]
[Round "7.4"]
[White "Khusainova, Ozoda"]
[Black "Hamrakulova, Yulduz"]
[Result "1/2-1/2"]
[WhiteElo "1674"]
[BlackElo "2009"]
[Annotator "NA"]
[PlyCount "122"]
[EventDate "2019.05.04"]
[EventType "tourn"]
[EventCountry "UZB"]
[SourceTitle "playchess.com"]
[Source "ChessBase"]
[SourceQuality "1"]
[TimeControl "5400+30"]

1. d4 {[%emt 0:00:21]} Nf6 {[%emt 0:00:00]} 2. c4 {[%emt 0:00:27]} e6 {[%emt 0:00:00]} 3. Nf3 {[%emt 0:00:06]} d5 {[%emt 0:01:04]} 4. cxd5 {[%emt 0:00:08]} exd5 {[%emt 0:00:09]} 5. Bg5 {[%emt 0:00:07]} Nbd7 {[%emt 0:01:58]} 6. Nc3 {[%emt 0:00:44]} Bb4 {[%emt 0:01:52]} 7. e3 {[%emt 0:04:14]} c5 {[%emt 0:00:41]} 8. Nd2 {[%emt 0:07:23] D38: Queen's Gambit Declined: Ragozin Defence (4 Nf3 Bb4)} (8. Bd3 Qa5 9. O-O Bxc3 10. bxc3 c4 11. Bf5 Qxc3 12. Bxf6 gxf6 13. Qa4 a6 14. Rab1 b5 15. Rxb5 axb5 16. Qxa8 O-O 17. Qxd5 Nb6 18. Qxb5 Bxf5 19. Qxf5 Qd3 20. Qxf6 Na4 21. Ne5 Qe4 22. Nxc4 {1-0 (22) Sarana,A (2618)-Sjugirov,S (2663) St Petersburg 2018}) 8... Bxc3 {[%emt 0:17:25]} 9. bxc3 {[%emt 0:00:16]} O-O {[%emt 0:00:30]} 10. Be2 $146 {[%emt 0:03:58]} ({Predecessor:} 10. Bd3 c4 11. Bc2 Qa5 12. Qc1 Re8 13. Bh4 Qa6 14. O-O Ne4 15. Nxe4 dxe4 {1-0 (29) Garcia Trobat,F (2305)-Reig Albero,F Ateneo 1992}) 10... Re8 {[%emt 0:05:15]} 11. O-O {[%emt 0:03:30]} h6 {[%emt 0:25:23]} 12. Bh4 {[%emt 0:03:06]} b6 {[%emt 0:05:42]} 13. Bf3 {[%emt 0:08:27]} g5 {[%emt 0:06:05]} 14. Bg3 {[%emt 0:01:05]} Ba6 {[%emt 0:07:53]} 15. Be2 {[%emt 0:02:48]} Bxe2 {[%emt 0:04:34]} 16. Qxe2 {[%emt 0:00:10]} Qe7 {[%emt 0:01:44]} 17. Rae1 {[%emt 0:02:04]} Rac8 {[%emt 0:04:36]} 18. Rc1 {[%emt 0:13:57]} Rc6 {[%emt 0:06:45]} 19. Qa6 {[%emt 0:05:23]} Nf8 {[%emt 0:02:23]} 20. dxc5 {[%emt 0:01:35]} Rxc5 {[%emt 0:00:38]} 21. Nb3 {[%emt 0:00:14]} Rc4 {[%emt 0:00:55]} 22. Nd4 {[%emt 0:00:19]} Ne4 {[%emt 0:01:19]} 23. Ne2 {[%emt 0:07:40]} Ne6 {[%emt 0:02:17]} 24. Rfd1 {[%emt 0:01:17]} Rc5 {[%emt 0:01:43]} 25. Qd3 {[%emt 0:02:43]} Qf6 {[%emt 0:00:24]} 26. f3 {[%emt 0:06:34]} Nxg3 {[%emt 0:00:17]} 27. Nxg3 {[%emt 0:00:02]} Rec8 $11 {[%emt 0:00:08]} 28. Qf5 {[%emt 0:05:29]} Qxf5 {[%emt 0:00:51]} 29. Nxf5 {[%emt 0:00:03]} Kh7 {[%emt 0:00:01]} 30. Ne7 {[%emt 0:02:18]} Rd8 {[%emt 0:00:18]} 31. Rd3 {[%emt 0:00:49]} d4 {[%emt 0:01:25]} 32. exd4 {[%emt 0:08:01]} Rxd4 {[%emt 0:00:24]} 33. Rcd1 {[%emt 0:04:14]} Rxd3 {[%emt 0:00:13]} 34. Rxd3 {[%emt 0:00:02]} Nf4 {[%emt 0:00:00]} 35. Re3 {[%emt 0:03:03]} Rxc3 {[%emt 0:00:13]} 36. Rxc3 {[%emt 0:00:30]} Ne2+ {[%emt 0:00:00]} 37. Kf2 {[%emt 0:00:09]} Nxc3 {[%emt 0:00:01]} 38. Nc8 {[%emt 0:00:38]} Nxa2 {[%emt 0:00:29]} 39. Nxa7 {[%emt 0:00:08]} Nc3 {[%emt 0:00:21]} 40. Ke3 {[%emt 0:01:03]} Kg6 {[%emt 0:00:33]} 41. Kd4 {[%emt 0:00:40]} Na4 {[%emt 0:00:52]} 42. Nc6 {[%emt 0:01:34]} f5 {[%emt 0:01:56]} 43. Ne7+ {[%emt 0:00:45]} Kf6 {[%emt 0:00:12]} 44. Ng8+ {[%emt 0:00:56]} Kg7 {[%emt 0:00:09]} 45. Ne7 {[%emt 0:00:07]} f4 {[%emt 0:00:31]} 46. g3 {[%emt 0:01:08]} fxg3 {[%emt 0:00:22]} 47. hxg3 {[%emt 0:00:01]} Kf6 {[%emt 0:01:22]} 48. Nd5+ {[%emt 0:01:04]} Kg6 {[%emt 0:00:21]} 49. Ne7+ {[%emt 0:00:23]} Kf7 {[%emt 0:00:17]} 50. Nd5 {[%emt 0:00:28]} h5 {[%emt 0:00:30]} 51. Ke5 {[%emt 0:00:41]} Kg6 {[%emt 0:00:18]} 52. Ne7+ {[%emt 0:00:29]} Kf7 {[%emt 0:00:39]} 53. Nd5 {[%emt 0:00:19]} Kg6 {[%emt 0:01:07]} 54. Ne7+ {[%emt 0:00:13]} Kf7 {[%emt 0:00:18]} 55. Nd5 {[%emt 0:00:19]} h4 {[%emt 0:00:17]} 56. gxh4 {[%emt 0:00:25]} gxh4 {[%emt 0:00:02]} 57. Kf4 {[%emt 0:00:13]} Ke6 {[%emt 0:00:12]} 58. Nxb6 {[%emt 0:00:08]} Nxb6 {[%emt 0:00:13]} 59. Kg4 {[%emt 0:00:04]} Ke5 {[%emt 0:00:33]} 60. Kxh4 {[%emt 0:00:08]} Kf4 {[%emt 0:00:07]} 61. Kh5 {[%emt 0:00:05]} Nd7 {[%emt 0:00:08]} 1/2-1/2

[Event "UZB-ch Women 2019"]
[Site "Tashkent"]
[Date "2019.05.10"]
[Round "7.5"]
[White "Gevorgyan, Irina"]
[Black "Omonova, Umida"]
[Result "1/2-1/2"]
[WhiteElo "2315"]
[BlackElo "2083"]
[Annotator "NA"]
[PlyCount "43"]
[EventDate "2019.05.04"]
[EventType "tourn"]
[EventCountry "UZB"]
[SourceTitle "playchess.com"]
[Source "ChessBase"]
[SourceQuality "1"]
[TimeControl "5400+30"]

1. d4 {[%emt 0:00:00]} d5 {[%emt 0:00:18]} 2. c4 {[%emt 0:00:00]} dxc4 {[%emt 0:00:33]} 3. Nf3 {[%emt 0:00:04]} Nf6 {[%emt 0:01:12]} 4. e3 {[%emt 0:00:10]} e6 {[%emt 0:00:25]} 5. Bxc4 {[%emt 0:00:04]} c5 {[%emt 0:00:36]} 6. Qe2 {[%emt 0:01:57]} a6 {[%emt 0:00:43]} 7. dxc5 {[%emt 0:00:10]} Bxc5 {[%emt 0:00:53]} 8. O-O {[%emt 0:00:37]} O-O {[%emt 0:01:01]} 9. e4 {[%emt 0:13:47]} Nc6 {[%emt 0:07:28]} 10. Nc3 {[%emt 0:17:45]} b5 {[%emt 0:07:51]} 11. Bb3 {[%emt 0:01:50]} e5 {[%emt 0:12:24]} 12. h3 {[%emt 0:27:53]} Be6 {[%emt 0:06:03]} 13. Bg5 {[%emt 0:03:40]} h6 {[%emt 0:05:53]} 14. Bxf6 {[%emt 0:00:33]} Qxf6 {[%emt 0:00:09]} 15. Nd5 {[%emt 0:01:12]} Bxd5 {[%emt 0:01:18]} 16. Bxd5 {[%emt 0:00:13]} Rac8 {[%emt 0:00:27]} 17. Rac1 {[%emt 0:04:05]} Nd4 {[%emt 0:00:49]} 18. Nxd4 {[%emt 0:00:15]} Bxd4 {[%emt 0:00:04]} 19. Rc2 {[%emt 0:03:17]} Rc5 {[%emt 0:07:07]} 20. Rfc1 {[%emt 0:04:18]} Rfc8 {[%emt 0:01:52]} 21. Rxc5 {[%emt 0:00:11]} Rxc5 {[%emt 0:01:37]} 22. Rxc5 {[%emt 0:00:27]} 1/2-1/2

[Event "UZB-ch Women 2019"]
[Site "Tashkent"]
[Date "2019.05.11"]
[Round "8.1"]
[White "Yakubbaeva, Nilufar"]
[Black "Omonova, Umida"]
[Result "1-0"]
[WhiteElo "2134"]
[BlackElo "2083"]
[Annotator "TA"]
[PlyCount "101"]
[EventDate "2019.05.04"]
[EventType "tourn"]
[EventCountry "UZB"]
[SourceTitle "playchess.com"]
[Source "ChessBase"]
[SourceQuality "1"]

{[%evp 21,101,-16,-7,-18,-10,-6,3,0,10,0,0,0,10,2,2,4,5,0,63,70,71,60,59,64,102,111,97,96,131,131,131,132,213,213,202,206,206,209,202,207,205,208,205,203,210,208,426,426,445,455,611,606,730,726,2045,897,2019,2022,29970,4775,4775,4775,4133,4133,5070,5024,29979,29978,29977,29978,29976,29977,29985,29984,29984,29982,29985,29986,29986,29987,29988,29989]} 1. e4 c5 2. Nc3 Nc6 3. g3 g6 4. Bg2 Bg7 5. f4 d6 6. d3 e6 7. Nf3 Nge7 8. O-O O-O 9. Be3 Nd4 10. Qd2 Rb8 11. Rab1 b5 12. a3 {B25: Closed Sicilian: 3 g3, lines without early Be3} a5 13. b4 $146 ({Predecessor:} 13. Ne2 Nec6 14. c3 Nb3 15. Qd1 a4 16. Nd2 Nba5 17. Nf3 f5 18. Bf2 Bb7 19. exf5 gxf5 {1-0 (41) Krapivin,V (2358)-Gutman,G (2508) Pardubice 2009}) 13... d5 {Threatens to win with ...Nxf3+.} 14. Ne5 {The position is equal.} f6 15. Ng4 dxe4 16. dxe4 e5 17. Nf2 axb4 18. axb4 cxb4 19. Nd5 Nec6 ({Black should play} 19... Nxd5 $11 20. exd5 b3) 20. Nd3 $14 Be6 21. N3xb4 Nxb4 22. Rxb4 f5 {next ...fxe4 is good for Black.} 23. fxe5 Nc6 24. exf5 Bxf5 25. g4 Be6 26. Rbf4 $36 {[%mdl 2048] White is in control.} Rxf4 (26... Nxe5 $16 {is a better defense.} 27. Rxf8+ Bxf8) 27. Nxf4 $18 {[%mdl 64] [#] Discovered Attack} Bc4 28. Bxc6 Qxd2 29. Bxd2 Bxf1 30. Bd5+ Kh8 31. Kxf1 {aiming for e6.} Bxe5 32. Ke2 Rd8 33. h4 b4 $2 (33... Rf8 34. Ne6 Rc8) 34. Bxb4 Rc8 35. c4 Kg7 36. Ne6+ Kf6 37. Nf8 Bg3 38. Nd7+ Kg7 39. g5 {Threatening mate with Bc3+.} Re8+ 40. Kf3 (40. Kd3 $142 Be5 41. Nxe5 h6 42. Nd7 Rd8 {[#]} 43. Bf8+ $1 {[%mdl 512]} Kh8 44. Ne5 Kh7 45. Bxh6) 40... Be1 41. Ba3 {White threatens Bb2+ and mate.} Bc3 42. c5 Bd4 43. Bb4 h5 44. c6 {White mates.} Re3+ 45. Kf4 Re2 46. c7 Rc2 47. Ba5 Bg1 48. Ne5 Bh2+ 49. Ke4 Rc5 50. Bb6 Rc2 51. Bc6 {Played: Bd5-c4} 1-0

[Event "UZB-ch Women 2019"]
[Site "Tashkent"]
[Date "2019.05.11"]
[Round "8.2"]
[White "Hamrakulova, Yulduz"]
[Black "Gevorgyan, Irina"]
[Result "1/2-1/2"]
[WhiteElo "2009"]
[BlackElo "2315"]
[Annotator "TA"]
[PlyCount "51"]
[EventDate "2019.05.04"]
[EventType "tourn"]
[EventCountry "UZB"]
[SourceTitle "playchess.com"]
[Source "ChessBase"]
[SourceQuality "1"]

{[%evp 23,51,0,0,6,14,4,20,24,41,13,13,6,16,0,22,27,46,31,34,45,30,34,33,24,38,44,37,52,69,79]} 1. d4 d5 2. c4 e6 3. Nc3 c6 4. Nf3 Nf6 5. e3 Nbd7 6. Qc2 Bd6 7. b3 O-O 8. Be2 b6 9. O-O Bb7 10. Bb2 Qe7 11. Rad1 Rfe8 12. Rfe1 Rad8 13. g3 {D45: Semi-Slav: 5 e3} (13. e4 Nxe4 14. Nxe4 dxe4 15. Qxe4 Bb4 16. Rf1 Bd6 17. Rfe1 Bb4 18. Rf1 Bd6 19. Rfe1 Bb4 {½-½ (19) Radjabov,T (2748)-Carlsen,M (2843) Shamkir 2018}) 13... h6 14. Bf1 Qf8 $146 ({Predecessor:} 14... Bb4 15. Bg2 Ne4 16. Rf1 Nxc3 17. Bxc3 Bxc3 18. Qxc3 c5 19. cxd5 Bxd5 20. Rfe1 Bb7 {½-½ (32) Fressinet,L (2672)-Debashis,D (2472) Doha 2016}) 15. Bg2 {The position is equal.} a6 16. a4 Bb4 17. Re2 Ba8 18. h3 a5 19. Nd2 e5 20. dxe5 Nxe5 21. cxd5 cxd5 22. Nb5 Bb7 23. Bxe5 Rxe5 24. Qc7 {White is slightly better.} Qe7 25. Qxb6 Rc8 26. Qd4 {Accuracy: White = 67%, Black = 24%.} 1/2-1/2

[Event "UZB-ch Women 2019"]
[Site "Tashkent"]
[Date "2019.05.11"]
[Round "8.3"]
[White "Abdusattorova, Bakhora"]
[Black "Khusainova, Ozoda"]
[Result "1-0"]
[WhiteElo "2094"]
[BlackElo "1674"]
[Annotator "NA RC"]
[PlyCount "67"]
[EventDate "2019.05.04"]
[EventType "tourn"]
[EventCountry "UZB"]
[SourceTitle "playchess.com"]
[Source "ChessBase"]
[SourceQuality "1"]
[TimeControl "5400+30"]

1. e4 {[%emt 0:00:00]} e5 {[%emt 0:00:41]} 2. Nf3 {[%emt 0:00:17]} Nf6 {[%emt 0:00:11]} 3. Nxe5 {[%emt 0:03:52]} d6 {[%emt 0:00:09]} 4. Nc4 {[%emt 0:00:42]} Nxe4 {[%emt 0:01:27]} 5. d3 {[%emt 0:00:23]} Nf6 {[%emt 0:00:23]} 6. Be2 {[%emt 0:00:40]} Be7 {[%emt 0:00:47]} 7. O-O {[%emt 0:00:28]} O-O {[%emt 0:00:09]} 8. d4 {[%emt 0:02:56]} d5 {[%emt 0:00:25]} 9. Ne5 {[%emt 0:00:24]} Ne4 {[%emt 0:02:05]} 10. Bd3 {[%emt 0:05:07]} f6 {[%emt 0:02:20]} 11. Ng4 {[%emt 0:02:38]} Nc6 {[%emt 0:01:38]} 12. c3 {[%emt 0:01:14]} f5 {[%emt 0:03:19]} 13. Ne5 {[%emt 0:01:11]} Nxe5 {[%emt 0:01:18]} 14. dxe5 {[%emt 0:00:01]} c6 {[%emt 0:04:02]} 15. Nd2 {[%emt 0:01:50]} Bc5 {[%emt 0:03:27]} 16. Nf3 {[%emt 0:02:34]} b5 {[%emt 0:09:47]} 17. Qc2 {[%emt 0:07:15]} a5 {[%emt 0:06:02]} 18. Nd4 {[%emt 0:17:53]} Qb6 {[%emt 0:05:27]} 19. Nb3 {[%emt 0:00:43]} Bd7 {[%emt 0:04:03]} 20. Nxc5 {[%emt 0:05:09]} Qxc5 {[%emt 0:00:41]} 21. a4 {[%emt 0:01:46]} b4 {[%emt 0:09:57]} 22. Be3 {[%emt 0:00:32]} Qe7 {[%emt 0:00:10]} 23. cxb4 {[%emt 0:03:36]} Qxe5 {[%emt 0:06:59]} 24. f3 {[%emt 0:01:52]} Nf6 {[%emt 0:12:55]} 25. Rfe1 {[%emt 0:01:12]} Rfe8 {[%emt 0:02:15]} 26. bxa5 {[%emt 0:01:56]} f4 {[%emt 0:05:04]} 27. Bf2 {[%emt 0:01:31]} Qc7 {[%emt 0:01:11]} 28. Rxe8+ {[%emt 0:00:49]} Rxe8 {[%emt 0:00:24]} 29. a6 {[%emt 0:00:15]} Qa5 {[%emt 0:04:03]} 30. Qc3 {[%emt 0:01:51]} Qxc3 {[%emt 0:02:33]} 31. bxc3 {[%emt 0:00:01]} Be6 {[%emt 0:02:01]} 32. a7 {[%emt 0:01:10]} Bf7 {[%emt 0:01:08]} 33. Rb1 {[%emt 0:00:17]} Nd7 {[%emt 0:00:56]} 34. Bf5 {[%emt 0:00:06]} 1-0

[Event "UZB-ch Women 2019"]
[Site "Tashkent"]
[Date "2019.05.11"]
[Round "8.4"]
[White "Kurbonboeva, Sarvinoz"]
[Black "Abdukarimova, Hilola"]
[Result "0-1"]
[WhiteElo "2297"]
[BlackElo "1910"]
[Annotator "TA"]
[PlyCount "144"]
[EventDate "2019.05.04"]
[EventType "tourn"]
[EventCountry "UZB"]
[SourceTitle "playchess.com"]
[Source "ChessBase"]
[SourceQuality "1"]

{[%evp 18,144,45,45,39,35,63,54,48,37,54,37,54,0,0,-20,0,16,15,15,15,0,11,13,13,11,28,-22,-20,-52,-45,-52,-29,-26,-27,-27,-31,-33,-21,-24,-17,-70,-65,-102,-89,-168,-10,-14,0,-18,-16,-14,-14,-15,-22,-101,-102,-108,-95,-166,-82,-339,-324,-383,-358,-359,-354,-581,-533,-569,-610,-639,-642,-642,-656,-645,-637,-622,-597,-561,-558,-533,-450,-564,-451,-564,-552,-564,-564,-669,-529,-496,-487,-508,-508,-551,-459,-658,-647,-625,-573,-1530,-366,-366,-363,-336,0,-331,-425,-380,-239,-29974,-29974,-29973,-29976,-29972,-29972,-29981,-29982,-29982,-29982,-29980,-29981,-29983,-29982,-29982,-29983,-29985,-29986]} 1. d4 Nf6 2. c4 g6 3. g3 Bg7 4. Bg2 O-O 5. Nc3 d6 6. Nf3 Nc6 7. O-O a6 8. Qd3 Rb8 9. d5 Nb4 10. Qd1 {Black must now prevent a3.} a5 $1 {E63: King's Indian: Fianchetto: Panno Variation with 7...a6} 11. e4 Bg4 (11... e5 12. Ne1 Nd7 13. a3 Na6 14. Nd3 Ndc5 15. Nxc5 Nxc5 16. b4 axb4 17. axb4 Na6 18. Qb3 {1-0 (75) Melkumyan,H (2633)-Pichot,A (2544) Doha 2016}) 12. a3 $146 ({Predecessor:} 12. h3 Bxf3 13. Bxf3 Nd7 14. a3 Na6 15. Be3 Qc8 16. Kh2 c6 17. Bd4 Ne5 18. Be2 {1-0 (37) Masse,H (2244)-Dumouchel,A (1908) Montreal 2013}) 12... Na6 {White is slightly better.} 13. h3 Bxf3 14. Bxf3 c6 15. dxc6 ({White should play} 15. Be3 $14) 15... bxc6 $11 16. e5 dxe5 17. Qxd8 Rfxd8 18. Bxc6 Nc5 {[%cal Ba6c5,Bc5b3,Bb3d4][%mdl 32]} 19. Be3 Nb3 20. Rab1 Nd4 21. Bb5 Ne8 22. b4 (22. Bxe8 $5 Rxe8 23. b4 $14) 22... axb4 23. axb4 Nd6 $36 {[%cal Rd4b5][%mdl 2048] Black has the initiative.} 24. Ba6 Rb6 25. Ra1 Rxb4 26. Nd5 {[%mdl 64] Double Attack} Rb2 27. Nxe7+ Kf8 28. Nd5 N6f5 29. Bc1 ({Better is} 29. Kg2 $11) 29... Ne2+ $1 $15 30. Kg2 Nxc1 31. Rfxc1 (31. Raxc1 $17 {was the only defense.} e4 32. Rb1) 31... Nd4 $2 (31... e4 $1 $19 32. Rf1 e3) 32. Rab1 Rdb8 (32... Rd2 {with more complications.} 33. Rd1 Rxd1 34. Rxd1 Ne6 35. Rb1 Nc5) 33. Bb5 Rxb1 34. Rxb1 e4 35. Re1 f5 36. Ba6 (36. Ra1 $11) 36... Rb2 37. c5 Rc2 38. Nb6 (38. Rb1 $17) 38... Ke7 (38... Nf3 $19 {is more deadly.} 39. Rf1 Bd4) 39. Bc4 $2 {[%mdl 8192] [#]} (39. Nd5+ $17 Ke6 40. Ne3 Rxc5 41. Bc4+ Ke7 42. Rd1) 39... Nf3 $1 $19 {[%cal Rf3e1]} 40. Re2 {[#]} Rc1 $1 {[%csl Gf3][%cal Rc1g1]} 41. h4 Bd4 42. Bg8 $2 (42. Ba6) 42... Bxc5 43. Nd5+ Kf8 44. Bxh7 Kg7 45. Bxg6 Kxg6 46. Nf4+ Kf6 47. Ra2 Ne1+ 48. Kh2 Nd3 49. Nh3 Ne5 50. h5 Ng4+ 51. Kg2 Ke5 52. Rb2 Ra1 53. Rc2 Bd4 54. Rd2 Bc3 55. Rc2 Kd4 {...Kd3 is the strong threat.} 56. Nf4 Bb4 57. Rb2 (57. Nh3 $142) 57... Kc3 58. Re2 Bd6 59. f3 exf3+ $2 (59... Bxf4 60. gxf4 Kd3) 60. Kxf3 Rf1+ 61. Kg2 Ra1 $2 (61... Rd1 $19 {Hoping for ...Bxf4.} 62. Kf3 Kd4 63. Ne6+ Kd3) 62. Nh3 $2 {[%mdl 8192]} (62. Kf3 $1 $11 {and White has nothing to worry.} Be5 63. Nd5+ Kd4 64. Rd2+ Kc4 65. Nf4) 62... Kd3 63. Rb2 Be5 64. Rb3+ $2 (64. Nf2+ $19 Kc4 65. Re2) 64... Kc4 {Black mates.} 65. Rf3 Ra2+ 66. Nf2 Bd4 67. Rf4 Rxf2+ 68. Rxf2 Nxf2 69. Kf3 Kd5 70. h6 Ke6 71. h7 Ng4 72. Kf4 Bf6 {Accuracy: White = 34%, Black = 63%.} 0-1